WWE Pay-Per-View (PPV) Main Events - 2013 - Statistics

General Stats
  • This quiz has been taken 1,206 times
    585 since last reset
  • The average score is 10 of 12
Answer Stats
PPV Answer % Correct
WrestleMania 29, Payback, SummerSlam, TLC John Cena
99%
Royal Rumble, Elimination Chamber, Money In The Bank CM Punk
97%
Money In The Bank, Night of Champions, Battleground, Hell in a Cell, Survivor Series, TLC Randy Orton
97%
Royal Rumble, Elimination Chamber, WrestleMania 29 The Rock
95%
Money In The Bank, SummerSlam, Night of Champions, Battleground, Hell in a Cell Daniel Bryan
93%
Extreme Rules Triple H
93%
Extreme Rules Brock Lesnar
91%
Survivor Series The Big Show
87%
Payback Ryback
82%
Money In The Bank Sheamus
74%
Money In The Bank Christian
57%
Money In The Bank Rob Van Dam
53%
No matching quizzes found
Score Distribution
Percent of People with Each Score
Percentile by Number Answered
Your Score History
You have not taken this quiz since the last reset